000 00451nam a2200181Ia 4500
001 10524
005 20260306161838.0
008 260306t1999||||xx |||||||||||||| ||spa||
041 _aESP
082 _a940.1
_bM44
100 _aMestre Godes, Jesús
_eAUT
245 0 _aLos templarios:
_balba y crepúsculo de los caballeros
260 _c1999
300 _a334 páginas :
_c22 cm.
650 _aGEN
654 _aCHU
942 _cLIB
_dJUS
_fJUS
_2ddc
_n
999 _c10524
_d10524